000 00797nam a2200265 i 4500
003 DO-SdBNP
005 20240412130425.0
007 ta
008 240412s2023 dr 000 j spa d
020 _a9789945648034
040 _aDO-SdBNP
_bspa
_cBNPHU
_erda
041 _aspa
_deng
082 _bB125
_222
100 _aBacilio, Peggy
_911765
_eautora
245 1 0 _aVenciendo la maldición del rechazo :
_bovercoming the curse of rejection /
_cPeggy Bacilio
264 1 _aSanto Domingo :
_bSantuario,
_c2023.
300 _a61 páginas,
_c23 cm.
336 _2rdacontent
_atexto
_btxt
337 _2rdamedia
_asin mediación
_bn
338 _2rdacarrier
_avolumen
_bnc
500 _aLibro en español e ingles.
590 _aInventariado, 2024/ YL
910 _aYLockward
942 _2ddc
_cLBS1
999 _c56375
_d56375